Záblesky optimizmu Dva nové slovenské filmy na TV obrazovkách

Bibliographic Details
Main Author: Polák, Milan, 1932-2022 (Author)
Other Authors: Grečner, Eduard, 1931- (Author of dialog)
Format: Article
Language:Slovak
Subjects:

MARC

LEADER 00000nab a2200000 a 4500
001 vtls000500502
003 SK-MaSNL
005 20260303020311.0
008 120927c1993 xo 0 slo
015 |a SNBRB19rr/mm-uuuuu 
035 |a CL0500640 
040 |a SNKBUCL  |b slo  |c SNKBUCL  |e AACR2 
041 0 |a slo 
044 |a xo  |c SK 
080 |a 791.43:7.097  |2 1981 
080 |a 7.097  |2 1981 
100 1 |a Polák, Milan,  |d 1932-2022  |4 aut  |9 102381 
245 1 0 |a Záblesky optimizmu  |b Dva nové slovenské filmy na TV obrazovkách  |c Milan Polák ; Réžia Eduard Grečner 
650 0 7 |a Pozemský nepokoj (film slovenský)  |2 snkbucl  |9 984607 
655 7 |a články z novín a časopisov  |2 snkbucl  |9 267496 
700 1 |a Grečner, Eduard,  |d 1931-  |4 aud  |9 101383 
773 0 |t Republika  |g Roč. 1, č. 186 (9. 11. 1993), s. 8 
850 |a Slovenská národná knižnica v Martine  |a MTA001 
852 |a SNK  |b KIS3GCP 
958 |a RK 
992 |a RBX 
999 |c 1617549  |d 1619479